Γραφειοκρατία : τα χαρακτηριστικά της και η εξέλιξη της στην Ε.Ε., υπό το πρίσμα της κοινωνικής πολιτικής : πτυχιακή εργασία
Αποθηκεύτηκε σε:
| Κύριος συγγραφέας: | |
|---|---|
| Συγγραφή απο Οργανισμό/Αρχή: | |
| Άλλοι συγγραφείς: | |
| Μορφή: | Thesis Βιβλίο |
| Γλώσσα: | Greek |
| Δημοσίευση: |
2011
|
| Θέματα: | |
| Διαθέσιμο Online: | http://hdl.handle.net/11610/7682 |
| Ετικέτες: |
Προσθήκη ετικέτας
Δεν υπάρχουν, Καταχωρήστε ετικέτα πρώτοι!
|
MARC
| LEADER | 00000cam a2200000 i 4500 | ||
|---|---|---|---|
| 001 | 1/19585 | ||
| 008 | 120515s2011 gre d | ||
| 035 | |l 10112484 | ||
| 040 | |a GR-MY-UA |b gre |e aacr | ||
| 041 | 0 | |a gre | |
| 082 | 0 | |a 350 |2 (22) | |
| 100 | 1 | |a Μπλόσκας, Νίκος. | |
| 245 | 1 | 0 | |a Γραφειοκρατία : |b τα χαρακτηριστικά της και η εξέλιξη της στην Ε.Ε., υπό το πρίσμα της κοινωνικής πολιτικής : πτυχιακή εργασία / |c Νίκος Μπλόσκας ; επιβλέπων καθηγητής: Ναγόπουλος Νίκος |
| 260 | |c 2011 | ||
| 300 | |a 60 σ.; |b σχ., πίν.; |c 30 εκ. | ||
| 500 | |a Βιβλιογραφία: σ. 55-60 | ||
| 502 | |a Πτυχιακή εργασία – Πανεπιστήμιο Αιγαίου, Λέσβος, 2011. | ||
| 650 | 0 | 0 | |a Bureaucracy |x Social aspects. |
| 650 | 0 | 0 | |a Bureaucracy |z European Union countries. |
| 650 | 0 | 0 | |a Dissertations, Academic |z Greece. |
| 700 | 1 | |4 ths |a Ναγόπουλος, Νίκος. | |
| 710 | 2 | |a Πανεπιστήμιο Αιγαίου |b Σχολή Κοινωνικών Επιστημών |b Τμήμα Κοινωνιολογίας. | |
| 852 | |a INST |b LESVOS |c DIATR |e 20120515 |h 431 |p 005100050358 |q 005100050358 |t DIE |y 23 | ||
| 852 | |a INST |b LESVOS |c DIATR |e 20120515 |h 432 |p 005100050357 |q 005100050357 |t DIE |y 23 | ||
| 856 | |u http://hdl.handle.net/11610/7682 | ||
| 901 | |a BIBL1-2012-2 | ||
| 909 | |a Λ |b 173648 | ||
| 909 | |a Λ |b 173647 | ||
| 924 | |a ΜΠΛΟΣΚΑΣ |b ΝΙΚΟΣ |y ΛΕΣΒΟΣ |z 2011-06 | ||
| 970 | |a ΤΖΑΦΕΡΗ |b ΕΥΑΓΓΕΛΙΑ |z 2012/05/15 | ||